Central Library OPAC University of Rajshahi

Glimpses of Iqbal's mind and thought : (Record no. 31174)

MARC details
000 -LEADER
fixed length control field 00864cam a22002651 4500
001 - CONTROL NUMBER
control field 31174
003 - CONTROL NUMBER IDENTIFIER
rucl marc code BD-RjUL
005 - DATE AND TIME OF LATEST TRANSACTION
control field 20211209051652.0
008 - FIXED-LENGTH DATA ELEMENTS--GENERAL INFORMATION
fixed length control field 140413s1966 pk b 000 0beng d
035 ## - SYSTEM CONTROL NUMBER
System control number (BD-RjUL)31261
040 ## - CATALOGING SOURCE
Original cataloging agency DLC
Transcribing agency DLC
Modifying agency DLC
-- BD-RjUL
Language of cataloging eng
041 ## - LANGUAGE CODE
Language code of text/sound track or separate title eng
082 ## - DEWEY DECIMAL CLASSIFICATION NUMBER
Classification number 891.43915
Author mark and year BIG 1966
100 1# - MAIN ENTRY--PERSONAL NAME
Personal name Bilgrami, H. H.
9 (RLIN) 94803
245 10 - TITLE STATEMENT
Title Glimpses of Iqbal's mind and thought :
Remainder of title brief lectures on Iqbal delivered at London, Cambridge and Oxford /
Statement of responsibility, etc. by H. H. Bilgrami.
260 ## - PUBLICATION, DISTRIBUTION, ETC. (IMPRINT)
Place of publication, distribution, etc. Lahore :
Name of publisher, distributor, etc. Sh. Muhammad Ashraf ,
Date of publication, distribution, etc. 1966.
300 ## - PHYSICAL DESCRIPTION
Pagination vi, 110 p. ;
Size 18 cm.
350 ## - PRICE (NR) (BK AM CF MU VM SE) [OBSOLETE]
Price Rs3.50
500 ## - GENERAL NOTE
General note Includes quotations in Urdu.
504 ## - BIBLIOGRAPHY, ETC. NOTE
Bibliography, etc Bibliographical footnotes.
600 10 - SUBJECT ADDED ENTRY--PERSONAL NAME
Personal name Iqbal, Muhammad,
Titles and other words associated with a name Sir,
Dates associated with a name 1877-1938
General subdivision Criticism and interpretation.
942 ## - ADDED ENTRY ELEMENTS (KOHA)
Source of classification or shelving scheme Dewey Decimal Classification
Koha item type Books
Holdings
Lost status Source of classification or shelving scheme Damaged status Not for loan Collection code Permanent Location Current Location Shelving location Date acquired Source of acquisition Cost, normal purchase price Total Checkouts Full call number Date last seen Copy number Koha item type
  Dewey Decimal Classification     Non-fiction Central Library, University of Rajshahi Central Library, University of Rajshahi   25/08/1967 Sh. M. Asraf, 3.50   891.43915 BIG 1966 13/04/2014 C-2 Books
  Dewey Decimal Classification     Non-fiction Central Library, University of Rajshahi Central Library, University of Rajshahi   25/08/1967 Sh. M. Asraf, 3.50   891.43915 BIG 1966 13/04/2014 C-3 Books
  Dewey Decimal Classification   Not For Loan Non-fiction Central Library, University of Rajshahi Central Library, University of Rajshahi Reading Room 25/08/1967 Sh. M. Asraf, 3.50   891.43915 BIG 1966 13/04/2014 C-1 Books
  Dewey Decimal Classification     Non-fiction Central Library, University of Rajshahi Central Library, University of Rajshahi   25/08/1967 M Ashraf 3.50   891.43915 BIG 1966 15/04/2014 C-4 Books
  Dewey Decimal Classification     Non-fiction Central Library, University of Rajshahi Central Library, University of Rajshahi   25/08/1967 M Ashraf 3.50   891.43915 BIG 1966 15/04/2014 C-5 Books